00470 a2200169 4500001000700000003000400007005001700011008004100028020001500069082002000084100001800104245008900122250001200211260004800223300001000271700001900281067265OSt20211108135817.0  a818030051X a574.19283bS64B1 aAyodhya Singh1 aBiophysical chemistry: principles and techniquescby Ayodhya Singh and Ratnesh Singh a2nd ed. aNew DelhibCampus Books Internationalc2008 a374p. aSingh, Ratnesh